<?xml version="1.0" encoding="UTF-8"?>
<record
    xmlns:xsi="http://www.w3.org/2001/XMLSchema-instance"
    xsi:schemaLocation="http://www.loc.gov/MARC21/slim http://www.loc.gov/standards/marcxml/schema/MARC21slim.xsd"
    xmlns="http://www.loc.gov/MARC21/slim">

  <leader>08410cam a22003375i 4500</leader>
  <controlfield tag="001">20362597</controlfield>
  <controlfield tag="003">OSt</controlfield>
  <controlfield tag="005">20210414114558.0</controlfield>
  <controlfield tag="008">180220s2017    gh       b    000 0 eng  </controlfield>
  <datafield tag="010" ind1=" " ind2=" ">
    <subfield code="a">  2018354099</subfield>
  </datafield>
  <datafield tag="020" ind1=" " ind2=" ">
    <subfield code="a">9789988263157</subfield>
  </datafield>
  <datafield tag="040" ind1=" " ind2=" ">
    <subfield code="a">DLC</subfield>
    <subfield code="c">DLC</subfield>
  </datafield>
  <datafield tag="042" ind1=" " ind2=" ">
    <subfield code="a">lcode</subfield>
    <subfield code="a">pcc</subfield>
  </datafield>
  <datafield tag="043" ind1=" " ind2=" ">
    <subfield code="a">f-gh---</subfield>
  </datafield>
  <datafield tag="050" ind1=" " ind2=" ">
    <subfield code="a">KRX2750.K863</subfield>
  </datafield>
  <datafield tag="100" ind1="1" ind2=" ">
    <subfield code="a">Kunbuor, Benjamin.</subfield>
  </datafield>
  <datafield tag="245" ind1="1" ind2="0">
    <subfield code="a">Law of taxation in Ghana. /</subfield>
    <subfield code="c">Benjamin Kunbuor, Abdallah Ali-Nakyea and William Kofi Owusu Demitia.</subfield>
  </datafield>
  <datafield tag="250" ind1=" " ind2=" ">
    <subfield code="a">Fourth edition.</subfield>
  </datafield>
  <datafield tag="260" ind1=" " ind2=" ">
    <subfield code="a">Ghana</subfield>
    <subfield code="b">Type Publishers</subfield>
    <subfield code="c">2017</subfield>
  </datafield>
  <datafield tag="300" ind1=" " ind2=" ">
    <subfield code="a">xxiv, 368 pages ;</subfield>
    <subfield code="c">23 cm</subfield>
  </datafield>
  <datafield tag="504" ind1=" " ind2=" ">
    <subfield code="a">Includes bibliographical references (pages 357-362).</subfield>
  </datafield>
  <datafield tag="505" ind1=" " ind2=" ">
    <subfield code="a">Chapter 1: General principles and background to the law of tax in Ghana: Introduction: Taxation as a concept -- Brief history of direct taxation in Ghana -- Taxation as a legal concept in Ghana -- Classification of taxes -- A good tax system and equity rules --  Approaches to interpretation of tax status -- Income as a tax base -- Sources of tax law in Ghana -- Chapter 2: Imposition of tax on income in Ghana: Jurisdiction to income tax -- Systems of taxation -- Tax residence status -- Taxation income in Ghana -- Business (trade, profession or vocation) -- Other trade related activities -- Profession or vocation -- Employment -- Investment -- Chapter 3: Ascertainment of income in Ghana -- Special industries -- Public, mutual and non-profit causes -- Expenses generally allowable under Act 896 -- Expenses not allowable -- Chapter 4: Basis of computing assessable and chargeable income -- Computation of chargeable income -- Capital allowances -- Classes of depreciable assets --Rates of income tax -- Annual tax rates -- Monthly tax rates -- Temporary concessions -- Modified taxation -- Chapter 5: Realization: Realization under Act 592 --  Realization under Act 896 -- Determination of gain -- Consideration received -- Cost -- Realization with retention of asset -- Transfer of asset to spouse or former spouse -- Transfer of asset on death -- Transfer of asset to an associate or for no consideration -- Realization of asset with replacement asset -- Security , finance lease or instalment sale -- Realization by separation -- Realization of depreciable assets -- Chapter 6: Tax avoidanc  and tax evasion: Approaches to tax avoidance -- The spirit and letter of the law -- Modern approach -- Anti-tax avoidance legislation -- tax evasion -- Tax clearance certificate -- Chapter 7: Tax administration: Adminstrative authority -- Ghana Revenue Authority -- Structure and features of the Ghana Revenue Authority -- Identification of tax officers -- Assistance of experts -- Assistance of officers of public bodies -- No remuneration for complying or assisting with tax laws -- Official secrecy -- Accepting security -- Taxpayers -- Tax Clearance Certificate (TCC) -- Use of TIN &amp; TCC -- Cancellation, replacement or amendament of TIN or TCC -- Taxpayers's rights -- Access to information &amp; audit -- Procedure in tax administration -- Tax returns -- Assessment to tax -- Authorized or defective documents -- Service of documents -- The  courts and tax administration -- Collection of taxes -- Debts execution processes -- Reduction and refund of tax -- Practice notes -- Private or class rulings -- Chapter 8: International taxation: Permanent Establishment  (PE) -- Tax treaties -- Chapter 9: Basic principles on Value AddedTax (VAT) in Ghana -- Why Ghana's 1995 VAT failed -- Legal framework -- Functions and organisation of the VATS -- Taxation procedure -- Flat rate scheme -- Tax exemptions and zero-rated supplies -- Tax refunds -- VAT thresholds -- Administrative and procedural constraints of the VAT system -- Chapter 10: Investment promotion -- GhanaInvestment Promotion Centre -- The Ghana Free Zones.                                                                                   </subfield>
  </datafield>
  <datafield tag="521" ind1=" " ind2=" ">
    <subfield code="a">                                                                                                                                                                                                                                                                                                                                                                                                                                                                                                                                                                                                                                                                                                                                                                                                                                                                                                                                                                                                                                                                                                                                                                                                                                                                                                                                                                                                                                                                                        ...................................                                                                                                                                                                                                                                                                                                                                                                                                                                                                                                                                                                                                                                                                                                                                                                                                                                                                                                                                                                                                                                                                                                                                                                                                                                                                                                                                                                                                                                                                                                                                                                                                                                                                                                                                                                                                                                                                                                                                                                                                                                                                                                                                                                                Chapter 1: General principles and background to the law of tax in Ghana: Introduction: Taxation as a concept -- Brief history of direct                                                                                                                                                                                                                                                                                                                                                                                                                                                                                                 </subfield>
  </datafield>
  <datafield tag="650" ind1=" " ind2="0">
    <subfield code="a">Taxation</subfield>
    <subfield code="x">Law and legislation</subfield>
    <subfield code="z">Ghana.</subfield>
  </datafield>
  <datafield tag="650" ind1=" " ind2="0">
    <subfield code="a">Tax administration and procedure</subfield>
    <subfield code="z">Ghana.</subfield>
  </datafield>
  <datafield tag="700" ind1="1" ind2=" ">
    <subfield code="a">Ali-Nakyea, Abdallah.</subfield>
  </datafield>
  <datafield tag="700" ind1="1" ind2=" ">
    <subfield code="a">Demitia, William Kofi Owusu.</subfield>
  </datafield>
  <datafield tag="906" ind1=" " ind2=" ">
    <subfield code="a">0</subfield>
    <subfield code="b">ibc</subfield>
    <subfield code="c">origcop</subfield>
    <subfield code="d">2</subfield>
    <subfield code="e">ncip</subfield>
    <subfield code="f">20</subfield>
    <subfield code="g">y-gencatlg</subfield>
  </datafield>
  <datafield tag="942" ind1=" " ind2=" ">
    <subfield code="2">lcc</subfield>
    <subfield code="c">BK</subfield>
  </datafield>
  <datafield tag="999" ind1=" " ind2=" ">
    <subfield code="c">6544</subfield>
    <subfield code="d">14044</subfield>
  </datafield>
  <datafield tag="952" ind1=" " ind2=" ">
    <subfield code="0">0</subfield>
    <subfield code="1">0</subfield>
    <subfield code="2">lcc</subfield>
    <subfield code="4">0</subfield>
    <subfield code="7">0</subfield>
    <subfield code="a">WIUC-1</subfield>
    <subfield code="b">WIUC-1</subfield>
    <subfield code="c">LL</subfield>
    <subfield code="d">2018-04-05</subfield>
    <subfield code="l">0</subfield>
    <subfield code="o">KRX2790.K863</subfield>
    <subfield code="p">2560/001/18</subfield>
    <subfield code="r">2018-04-05 00:00:00</subfield>
    <subfield code="t">1</subfield>
    <subfield code="w">2018-04-05</subfield>
    <subfield code="y">BK</subfield>
  </datafield>
  <datafield tag="952" ind1=" " ind2=" ">
    <subfield code="0">0</subfield>
    <subfield code="1">0</subfield>
    <subfield code="2">lcc</subfield>
    <subfield code="4">0</subfield>
    <subfield code="7">0</subfield>
    <subfield code="a">WIUC-1</subfield>
    <subfield code="b">WIUC-1</subfield>
    <subfield code="c">LL</subfield>
    <subfield code="d">2018-04-06</subfield>
    <subfield code="l">0</subfield>
    <subfield code="o">KRX2750.K8631</subfield>
    <subfield code="p">2561/002/18</subfield>
    <subfield code="r">2018-04-06 00:00:00</subfield>
    <subfield code="t">2</subfield>
    <subfield code="w">2018-04-06</subfield>
    <subfield code="y">BK</subfield>
  </datafield>
  <datafield tag="952" ind1=" " ind2=" ">
    <subfield code="0">0</subfield>
    <subfield code="1">0</subfield>
    <subfield code="2">lcc</subfield>
    <subfield code="4">0</subfield>
    <subfield code="7">0</subfield>
    <subfield code="a">WIUC-1</subfield>
    <subfield code="b">WIUC-1</subfield>
    <subfield code="c">LL</subfield>
    <subfield code="d">2018-04-06</subfield>
    <subfield code="l">0</subfield>
    <subfield code="o">KRX2750.K8632</subfield>
    <subfield code="p">2613/154/18</subfield>
    <subfield code="r">2018-11-08 00:00:00</subfield>
    <subfield code="t">3</subfield>
    <subfield code="w">2018-04-06</subfield>
    <subfield code="y">BK</subfield>
  </datafield>
  <datafield tag="952" ind1=" " ind2=" ">
    <subfield code="0">0</subfield>
    <subfield code="1">0</subfield>
    <subfield code="2">lcc</subfield>
    <subfield code="4">0</subfield>
    <subfield code="7">0</subfield>
    <subfield code="a">WIUC-1</subfield>
    <subfield code="b">WIUC-1</subfield>
    <subfield code="c">LL</subfield>
    <subfield code="d">2018-04-06</subfield>
    <subfield code="l">0</subfield>
    <subfield code="o">KRX2750.K8633</subfield>
    <subfield code="p">2645/186/18</subfield>
    <subfield code="r">2018-11-27 00:00:00</subfield>
    <subfield code="t">4</subfield>
    <subfield code="w">2018-04-06</subfield>
    <subfield code="y">BK</subfield>
  </datafield>
  <datafield tag="952" ind1=" " ind2=" ">
    <subfield code="0">0</subfield>
    <subfield code="1">0</subfield>
    <subfield code="2">lcc</subfield>
    <subfield code="4">0</subfield>
    <subfield code="7">0</subfield>
    <subfield code="a">WIUC-1</subfield>
    <subfield code="b">WIUC-1</subfield>
    <subfield code="c">LL</subfield>
    <subfield code="d">2018-04-06</subfield>
    <subfield code="l">0</subfield>
    <subfield code="o">KRX2750.K8634</subfield>
    <subfield code="p">2646/187/18</subfield>
    <subfield code="r">2018-11-27 00:00:00</subfield>
    <subfield code="t">5</subfield>
    <subfield code="w">2018-04-06</subfield>
    <subfield code="y">BK</subfield>
  </datafield>
  <datafield tag="952" ind1=" " ind2=" ">
    <subfield code="0">0</subfield>
    <subfield code="1">0</subfield>
    <subfield code="2">lcc</subfield>
    <subfield code="4">0</subfield>
    <subfield code="7">0</subfield>
    <subfield code="a">WIUC-1</subfield>
    <subfield code="b">WIUC-1</subfield>
    <subfield code="c">LL</subfield>
    <subfield code="d">2018-04-06</subfield>
    <subfield code="l">0</subfield>
    <subfield code="o">KRX2750.K8635</subfield>
    <subfield code="p">2647/188/18</subfield>
    <subfield code="r">2018-11-27 00:00:00</subfield>
    <subfield code="t">6</subfield>
    <subfield code="w">2018-04-06</subfield>
    <subfield code="y">BK</subfield>
  </datafield>
  <datafield tag="952" ind1=" " ind2=" ">
    <subfield code="0">0</subfield>
    <subfield code="1">0</subfield>
    <subfield code="2">lcc</subfield>
    <subfield code="4">0</subfield>
    <subfield code="7">0</subfield>
    <subfield code="a">WIUC-KL</subfield>
    <subfield code="b">WIUC-KL</subfield>
    <subfield code="c">LL</subfield>
    <subfield code="d">2019-08-26</subfield>
    <subfield code="o">KRX2790.K86</subfield>
    <subfield code="p">KSL/137/19</subfield>
    <subfield code="r">2021-05-20 00:00:00</subfield>
    <subfield code="w">2021-05-20</subfield>
    <subfield code="y">BK</subfield>
  </datafield>
</record>
